000 01142cam a22003854i 4500
003 PE-LiUPU
005 20250731173213.0
008 150625s1978 sp r 000 0 spa d
040 _aPE-LiUPU
_bspa
_cPE-LiUPU
_erda
082 0 4 _a220.483
_bK95l
_223
100 1 _aKubo, Sakae,
_eautor.
_94645
245 1 0 _aLexico griego-español /
_cSakae kubo; preparado en español por José Tertullien.
264 1 _aPuerto Rico :
_bAntillan college,
_c1978.
300 _a89 hojas ;
_c27 centímetros.
336 _atext
_2rdacontent
337 _aunmediated
_2rdamedia
338 _avolume
_2rdacarrier
505 0 _aIntroducción. - Reconocimiento. - Libros: Mateo, Marcos, Lucas, Juan. - Apendice.
526 _aSEG42
526 _aSEG41
526 _aSEG40
526 _aSEG39
526 _aP94
526 _aP87
526 _aP86
526 _aP85
526 _aP77
526 _aP76
526 _aP35
650 1 4 _aGriego-Español
_vDiccionarios.
_94646
700 _aTertullien, José,
_etraductor.
_94647
942 _2ddc
_cBK
980 _81
_gALBERTO SANCHEZ Responsable de Automatización
999 _c40293
_d40293